000
00472nam a2200145Ia 4500
008
100122s9999 xx 000 0 und d
082
_b
64271
_a
500
100
_a
घैसास दिवाकर अनंत
245
_a
युवा विज्ञान कुतुहल
260
_c
2004
300
_a
76
630
_a
युवा विज्ञान कुतुहल
730
_a
युवा विज्ञान कुतुहल
942
_c
BOOK
999
_c
437872
_d
437869